000 00334nam a2200145Ia 4500
005 20251222152029.0
008 251222s9999||||xx |||||||||||||| ||spa||
020 _a9788467233599
082 _a863/P79
100 _aPosadas, Carmen
245 0 _aLa Cinta Roja
250 _a1ra.ed.
264 _bCĂ­rculo de Lectores
942 _cLIB
999 _c25609
_d25609